000 00546nmm a2200193Ia 4500
008 251105s9999||||xx |||||||||||||||||und||
020 _a9788433977977
041 _aspa
100 _aMartín Gamero, Amalia
245 0 _aLa celda de cristal
264 _a[Madrid, España] :
_bEditorial Anagrama,
_c2016
300 _a288 páginas
490 _aCompactos
650 _aThriller & Suspense
700 _aMartín Gamero, Amalia
700 1 _a Highsmith, Patricia
856 _uhttps://public.digitaliapublishing.com/a/42408
942 _cCF
999 _c68411
_d68411